书目信息 |
| 题名: |
集成电路彩色电视机
|
|
| 作者: | ;《集成电路彩色电视机》编写组 编 | |
| 分册: | 下册 | |
| 出版信息: | 北京 人民邮电出版社 1988.12 |
|
| 页数: | 645页 | |
| 开本: | 26cm | |
| 丛书名: | ||
| 单 册: | ||
| 中图分类: | TN949.12 | |
| 科图分类: | ||
| 主题词: | ||
| 电子资源: | ||
| ISBN: | 7-115-03612-8 | |
| 000 | 00887nam0 2200229 45 | |
| 001 | 0189028972 | |
| 005 | 20040518173308.2 | |
| 010 | @a7-115-03612-8@dCNY14.00 | |
| 020 | @aCN@b89028972 | |
| 100 | @a19911017d1988 m y0chiy0120 ea | |
| 101 | 0 | @achi |
| 102 | @aCN@b110000 | |
| 105 | @ay z 000yy | |
| 106 | @ar | |
| 200 | 10 | @a集成电路彩色电视机@Aji cheng dian lu cai se dian shi ji@e原理、调测、新技术@Eyuan li 、 tiao ce 、 xin ji shu@h下册@f《集成电路彩色电视机》编写组编著@F《 ji cheng dian lu cai se dian shi ji 》 bian xie zu bian zhu |
| 210 | @a北京@c人民邮电出版社@d1988.12 | |
| 215 | @a645页@d26cm | |
| 540 | 1 | @a集成电路 彩色电视机@Aji cheng dian lu cai se dian shi ji |
| 690 | @aTN949.12@v1980 | |
| 711 | A2 | @a《集成电路彩色电视机》编写组@A《ji cheng dian lu cai se dian shi ji》bian xie zu@4编 |
| 801 | 0 | @aCN@bNLC@c19911017 |
| 905 | @f1@b247045@dTN949.12@e107:2 | |
| 集成电路彩色电视机:原理、调测、新技术.下册/《集成电路彩色电视机》编写组编著.-北京:人民邮电出版社,1988.12 |
| 645页;26cm |
| ISBN 7-115-03612-8:CNY14.00 |
| ● |
| 相关链接 |
|
|
|
|
正题名:集成电路彩色电视机
索取号:TN949.12/107:2
 
预约/预借
| 序号 | 登录号 | 条形码 | 馆藏地/架位号 | 状态 | 备注 |
| 1 | 0226204 | 202451756 | 第二样本阅览室/ [索取号:TN949.12/107:2] | 在馆 | |
| 2 | 0247045 | 001327157 | 第三借阅区/ [索取号:TN949.12/107:2] | 在馆 |